| 000 | 00000nam##2200000za#4500 |
| 001 | 9.523494 |
| 003 | CaOODSP |
| 005 | 20210615083022 |
| 007 | ta |
| 008 | 150406|1994||||xxc||||| f|0| 0 eng|d |
| 020 | |a0-660-58989-3 |
| 022 | |a0706-148X |
| 040 | |aCaOODSP|beng |
| 041 | |aeng |
| 041 | |afre |
| 043 | |an-cn--- |
| 086 | 1 |aS52-2/221-1994 |
| 110 | 1 |aCanada.|bPublic Works and Government Services Canada. |bTranslation Services. |
| 245 | 10|aIntegrated pest management glossary / |cby Charles Vincent et al. |
| 260 | |aOttawa - Ontario : |bPublic Works and Government Services Canada. |c1994. |
| 300 | |axiii, 141p. ; |c22 cm. |
| 490 | 1 |aTerminology bulletin|x0706-148X|v221 |
| 500 | |aLogo on cover: Environment Series. |
| 520 | 3 |aContains 1,100 terms for the biological, chemical, cultural, and physical control methods used to protect crops from pests. Terminology Bulletin 221. |
| 546 | |aBilingual |
| 563 | |aSoftcover |
| 590 | |a94-09|b1994-03-04 |
| 690 | 07|aTerminology|2gcpds |
| 690 | 07|aPests|2gcpds |
| 720 | 1 |aVincent, Charles |
| 776 | 0#|tLexique de la lutte intégrée / |w(CaOODSP)9.590552 |
| 792 | |tLexique de la lutte intégrée / |efre|w(CaOODSP)9.523495 |
| 830 | #0|aTerminology bulletin,|x0706-148X|v221|w(CaOODSP)9.509598 |